000 00575nam a2200193Ia 4500
003 IN-BaIIA
008 211028s9999 xx 000 0 eng d
020 _a0-87027-168-7
040 _cIIA Library
080 _a92:52
_bWIL
100 _aWillard, Berton C
_99821
245 0 _aRussell W Porter
_barctic explorer, artist, telescope maker
_cBerton C Willard
260 _aFreeport
_bThe Bond Wheel Wright
_c1976
300 _axiii, 274p.
650 _aBiography-Russel W Porter
_911550
650 _aNASA Thesaurus
650 _aRussel W Porter-Biography
_911551
942 _cBK
999 _c6738
_d6738